Usufructo de finca hipotecada

Bibliographic Details
Main Author: Zurita Martn̕, Isabel
Format: Unknown
Language:Spanish
Published: Madrid : Dykinson, D.L. 2005
Subjects:
Online Access:Acceso restringido

MARC

LEADER 00000ny a22000003n 4500
005 20110627144941.0
008 060103s2005 sp s 000 0 spa c
017 |a D.L. SE.5369-2005 
020 |a 8497727584 
035 |a 1411 
040 |a Lexnova  |d vLex 
040 |a UMA.RE  |d vLex 
080 |a 347.27(460) 
090 |c 1137  |d 1137 
100 1 |a Zurita Martn̕, Isabel 
245 1 0 |a Usufructo de finca hipotecada  |h [Recurso electrn̤ico]  |c Isabel Zurita Martn̕ 
256 |a Servicio en ln̕ea 
260 |a Madrid :  |b Dykinson,  |c D.L. 2005 
300 |a 270 p. ;  |c 21 cm 
504 |a Bibliogr.: p. [265]-270 
506 1 |a Contenido solo disponible en los productos indicados  |d vLex Global  |d vLex Global (Academic Edition, excluding Law Schools)  |d vLex Global (U.S. Academic Edition, Law Schools)  |d vLex Global (U.S. Academic Edition, excluding Law Schools)  |d vLex Global (Academic Edition, Law Schools) 
650 0 7 |a Derecho de usufructo  |2 Tesauro vLex 
650 0 7 |a Inmobiliario y registral  |2 Tesauro vLex 
650 0 7 |a Finca  |2 Tesauro vLex 
650 0 7 |a Hipoteca  |2 Tesauro vLex 
650 0 7 |a Usufructo  |2 Tesauro vLex 
740 0 |a vLex Libros (Servicios en ln̕ea) 
856 4 0 |u http://vlex.com/source/1411  |z Acceso restringido 
942 |c BOOK